[Event "XXV OOM - Mistrzostwa Polski Juniorow Mlodszych - Chlopcy do lat 12"]
[Site "Sielpia"]
[Date "1899-12-30"]
[Round "1.26"]
[White "Maslanka, Wojciech"]
[Black "Merecki, Antoni"]
[Result "1-0"]
[WhiteTitle "I"]
[BlackTitle "II"]
[WhiteElo "1541"]
[BlackElo "1177"]

1. e4 e6 2. d4 d5 3. e5 c5 4. c3 Nc6 5. Nf3 Qb6 6. Bd3 Bd7 7. dxc5 Bxc5 8. O-O
a5 9. Nbd2 Qc7 10. Nb3 Bb6 11. Qe2 Nge7 12. Bf4 Ng6 13. Bg3 a4 14. Nbd4 a3 15.
Nb5 Qb8 16. Nd6+ Ke7 17. Bxg6 hxg6 18. Ng5 Be8 19. bxa3 Rh5 20. Rab1 Ra6 21. Rb2
Kf8 22. Qg4 Qd8 23. h4 Na5 24. Rfb1 Qc7 25. Nxe8 Kxe8 26. Nxe6 fxe6 27. Qxe6+
Kf8 28. Rxb6 Qxc3 29. Qd6+ Ke8 30. Qxg6+ 1-0

[Event "XXV OOM - Mistrzostwa Polski Juniorow Mlodszych - Chlopcy do lat 12"]
[Site "Sielpia"]
[Date "1899-12-30"]
[Round "2.1"]
[White "Fiszer, Bartosz"]
[Black "Musial, Igor"]
[Result "1-0"]
[WhiteTitle "CM"]
[BlackTitle "I"]
[WhiteElo "2119"]
[BlackElo "1602"]

1. e4 c5 2. Nf3 d6 3. d4 cxd4 4. Nxd4 Nf6 5. Nc3 g6 6. Be3 Bg7 7. f3 O-O 8. Qd2
Nc6 9. O-O-O d5 10. Qe1 e5 11. Nxc6 bxc6 12. exd5 Nxd5 13. Bc4 Be6 14. Kb1 Re8
15. Ne4 Qc7 16. Bc5 Rad8 17. Bb3 f5 18. Ng5 Bc8 19. c4 Nf4 20. Bd6 Qb7 21. c5+
Nd5 22. Qa5 Bd7 23. Rd2 h6 24. Rhd1 hxg5 25. Rxd5 Be6 26. R5d3 Bxb3 27. Rxb3 Qf7
28. Qa6 Qd7 29. Rb7 Qe6 30. Qxc6 e4 31. fxe4 fxe4 32. Rf1 e3 33. Qf3 e2 34. Re1
Bd4 35. Rxe2 Qc4 36. Qb3 Qxb3 37. Rxe8+ Rxe8 38. Rxb3 Re2 39. c6 Bb6 40. Bc5 Bc7
41. Re3 Rxe3 42. Bxe3 a6 43. b4 Kf7 44. a4 Ke6 45. b5 axb5 46. axb5 Kd5 47. b6
Bxb6 48. Bxb6 Kxc6 49. Bf2 Kd5 50. Kc2 Ke4 51. Kd2 Kf4 52. Be3+ Kg4 53. Kd3 Kh4
54. Ke4 g4 55. Kf4 g3 56. h3 g5+ 57. Kf5 Kh5 58. Bd2 Kh4 59. Kg6 g4 60. Bg5# 1-0

[Event "XXV OOM - Mistrzostwa Polski Juniorow Mlodszych - Chlopcy do lat 12"]
[Site "Sielpia"]
[Date "1899-12-30"]
[Round "2.2"]
[White "Nowak, Filip"]
[Black "Klimkowski, Jan"]
[Result "0-1"]
[WhiteTitle "I"]
[BlackTitle "I"]
[WhiteElo "1591"]
[BlackElo "2024"]

1. e4 c5 2. Nf3 d6 3. d4 cxd4 4. Nxd4 Nf6 5. Nc3 a6 6. Be3 e5 7. Nb3 Be6 8. f3
Nbd7 9. Qd2 h5 10. Nd5 Bxd5 11. exd5 Rc8 12. Na5 Qc7 13. c4 g6 14. Be2 Bg7 15.
O-O O-O 16. Rac1 b6 17. Nc6 Nb8 18. Nb4 a5 19. Nc2 Na6 20. Na3 e4 21. Nb5 Qb8
22. f4 Nc5 23. Bd4 Nfd7 24. b3 f5 25. Bxg7 Kxg7 26. Qd4+ Nf6 27. Rc3 Rce8 28.
Re1 Re7 29. Bf1 Rfe8 30. Rg3 Kf7 31. a3 a4 32. b4 Nb3 33. Qc3 Ng4 34. Be2 Qd8
35. Bf1 Qb8 36. Be2 Qd8 37. Bd1 Qd7 38. Bxb3 axb3 39. Qxb3 g5 40. fxg5 f4 41.
Rh3 Ne3 42. Qc3 Re5 43. Rhxe3 fxe3 44. Qxe3 Kg8 45. Qxb6 Rxg5 46. Qxd6 Qg7 47.
g3 h4 48. Kg2 hxg3 49. hxg3 Qb2+ 50. Kh3 Qh8+ 51. Kg2 Qb2+ 52. Kh3 Rg7 53. Qf4
Rh7+ 54. Kg4 Rf8 55. Qe3 Qe5 56. Qg5+ 0-1

[Event "XXV OOM - Mistrzostwa Polski Juniorow Mlodszych - Chlopcy do lat 12"]
[Site "Sielpia"]
[Date "1899-12-30"]
[Round "2.3"]
[White "Grzadka, Artur"]
[Black "Seemann, Jakub"]
[Result "0-1"]
[WhiteTitle "I"]
[BlackTitle "I"]
[WhiteElo "1585"]
[BlackElo "2012"]

1. d4 Nf6 2. c4 g6 3. Nc3 Bg7 4. e4 d6 5. Nge2 O-O 6. Ng3 a6 7. a4 a5 8. Be2 e5
9. d5 Na6 10. h4 h5 11. Bg5 Qe8 12. b3 Nh7 13. Be3 Qe7 14. Rb1 b6 15. Rb2 Bd7
16. Rb1 Nc5 17. Nb5 Rfc8 18. Nc3 Qf8 19. Qd2 Nf6 20. Bg5 Ng4 21. f3 Nh6 22. Nf1
f5 23. Be3 fxe4 24. Bxc5 exf3 25. Bxd6 f2+ 26. Kd1 cxd6 27. Bf3 Ng4 28. Ne4 Bh6
29. Qe2 Bf5 30. Rc1 Re8 31. Rc3 Rec8 32. Rc1 Re8 33. Rc3 Ra7 34. Nfg3 Bxe4 35.
Nxe4 Rf7 0-1

[Event "XXV OOM - Mistrzostwa Polski Juniorow Mlodszych - Chlopcy do lat 12"]
[Site "Sielpia"]
[Date "1899-12-30"]
[Round "2.4"]
[White "Karp, Kacper"]
[Black "Krawczyk, Flawian"]
[Result "0-1"]
[WhiteTitle "II+"]
[BlackTitle "II"]
[WhiteElo "1571"]
[BlackElo "1800"]

1. e4 c5 2. Nf3 d6 3. d4 cxd4 4. Nxd4 Nf6 5. Nc3 a6 6. Be3 e5 7. Nb3 Be7 8. f3
Be6 9. Qd2 O-O 10. O-O-O a5 11. Bb5 Na6 12. g4 Qb8 13. h4 Rc8 14. h5 Nb4 15. Kb1
a4 16. Nxa4 d5 17. c3 Nxa2 18. Kxa2 d4 19. cxd4 Bc4 20. g5 Bxb5 21. gxf6 Qa7 22.
Qa5 Qxa5 23. Nxa5 Bxf6 24. b3 Rxa5 25. dxe5 Bxa4 26. exf6 Bb5+ 27. Kb2 Be2 28.
Rd7 Bxf3 29. Rg1 g6 30. hxg6 hxg6 31. Bh6 Bxe4 32. b4 Rh5 33. Bg7 Rh2+ 34. Ka3
Rh3+ 35. Kb2 Rc2+ 36. Ka1 Ra3+ 37. Kb1 Rg2+ 38. Kc1 Ra1# 0-1

[Event "XXV OOM - Mistrzostwa Polski Juniorow Mlodszych - Chlopcy do lat 12"]
[Site "Sielpia"]
[Date "1899-12-30"]
[Round "2.5"]
[White "Trzebinski, Patryk"]
[Black "Maslanka, Wojciech"]
[Result "1/2-1/2"]
[WhiteTitle "I"]
[BlackTitle "I"]
[WhiteElo "1793"]
[BlackElo "1541"]

1. e4 Nf6 2. Bc4 d6 3. Nc3 Nc6 4. Nf3 Bg4 5. h3 Bxf3 6. gxf3 e5 7. d3 h6 8. Be3
Na5 9. Bb3 Nxb3 10. axb3 c5 11. Ne2 Be7 12. Rg1 Nh5 13. Nc3 g5 14. Bd2 Qc8 15.
Nd5 Nf6 16. Ne3 Qxh3 17. Nf5 Kf8 18. Ke2 Qh5 19. Rh1 Qg6 20. Qg1 Nh5 21. Qg4 Nf4+
22. Bxf4 exf4 23. Rh5 Bf6 24. Rah1 Bg7 25. Qh3 Rd8 26. c3 b6 27. Qf1 Qe6 28. c4
Qf6 29. Qa1 a5 30. Kd2 Re8 31. d4 cxd4 32. Qa3 Rd8 33. Kd3 Qe5 34. Qa4 Qc5 35.
Nxh6 Rxh6 36. Rxh6 Bxh6 37. Rxh6 Kg7 38. Rh1 1/2-1/2

[Event "XXV OOM - Mistrzostwa Polski Juniorow Mlodszych - Chlopcy do lat 12"]
[Site "Sielpia"]
[Date "1899-12-30"]
[Round "2.6"]
[White "Borowik, Wojciech"]
[Black "Kejna, Piotr"]
[Result "0-1"]
[WhiteTitle "I"]
[BlackTitle "CM"]
[WhiteElo "1556"]
[BlackElo "1787"]

1. d4 d5 2. c4 c6 3. Nc3 dxc4 4. e4 b5 5. a4 b4 6. Na2 Nf6 7. e5 Nd5 8. Bxc4 e6
9. Nf3 a5 10. O-O Ba6 11. Bxa6 Nxa6 12. b3 Qb6 13. Bb2 c5 14. Nd2 Be7 15. Nc4
Qc7 16. Qg4 O-O 17. Nd6 f5 18. exf6 Rxf6 19. dxc5 Rg6 20. Qc4 Qxc5 21. Ne4 Qxc4
22. bxc4 Nb6 23. Nd2 Nxa4 24. Be5 N4c5 25. Nc1 a4 26. Ne2 Bf6 27. Nf3 b3 28. Nc3
Nb4 29. Bxf6 Rxf6 30. Nd2 Rg6 31. Nf3 Rf6 32. Nd2 Rf4 33. f3 Rd4 34. Nde4 Nxe4
35. fxe4 Nc2 36. Rxa4 Rxa4 37. Nxa4 Rxc4 38. Nb2 Rxe4 39. Rf3 Nd4 40. Rf1 Re2
41. Rb1 Kf7 42. Kf1 Rc2 43. Nd3 Ke7 44. Nc1 Rc3 45. Ke1 b2 46. Na2 Rc2 47. Kf1
Nb3 48. Ke1 Rxg2 49. Nc3 Rxh2 50. Nd1 Nd2 51. Rxb2 Nf3+ 52. Kf1 Rxb2 53. Nxb2
Kf6 54. Kf2 Nd4 55. Nd3 e5 56. Ke3 Ne6 57. Kf3 Kf5 58. Nf2 g5 59. Nd1 Nd4+ 60.
Kg3 Nc2 61. Nf2 h5 62. Kf3 e4+ 63. Ke2 g4 64. Nd1 Kf4 65. Nc3 h4 66. Nd5+ Ke5
67. Nc3 g3 68. Kf1 Kf4 69. Nd5+ Kf3 70. Ne7 e3 71. Nf5 e2+ 72. Kg1 e1=Q# 0-1

[Event "XXV OOM - Mistrzostwa Polski Juniorow Mlodszych - Chlopcy do lat 12"]
[Site "Sielpia"]
[Date "1899-12-30"]
[Round "2.7"]
[White "Wierzbicki, Dawid"]
[Black "Herwy, Jakub"]
[Result "1/2-1/2"]
[WhiteTitle "I"]
[BlackTitle "I+"]
[WhiteElo "1500"]
[BlackElo "1713"]

1. e4 c5 2. Nf3 e6 3. b3 d6 4. Bb2 Nf6 5. Nc3 Nbd7 6. Qe2 a6 7. O-O-O Qc7 8. d4
cxd4 9. Nxd4 b5 10. a3 Bb7 11. g4 h6 12. Kb1 g6 13. Bg2 e5 14. Ndxb5 axb5 15.
Nxb5 Qb6 16. f4 Ba6 17. c4 Bxb5 18. cxb5 Rb8 19. a4 Bg7 20. Rc1 exf4 21. e5 dxe5
22. Bxe5 Qe6 23. Bxb8 Qxe2 24. Rhe1 Qxe1 25. Rxe1+ Kd8 26. Bxf4 Re8 27. Rc1 Re2
28. Bf3 Rf2 29. Bc7+ Ke7 30. Bc6 Ne4 31. Re1 Ndc5 32. Rxe4+ Nxe4 33. Bxe4 Rb2+
34. Kc1 Rxb3 35. Bc6 Bd4 36. a5 Ra3 37. Kd1 Rb3 38. Kc1 Ra3 39. Kd1 Bc3 40. a6
Bd4 41. b6 Rb3 42. Bb7 Rxb6 1/2-1/2

[Event "XXV OOM - Mistrzostwa Polski Juniorow Mlodszych - Chlopcy do lat 12"]
[Site "Sielpia"]
[Date "1899-12-30"]
[Round "2.8"]
[White "Starosciak, Szymon"]
[Black "Malinowski, Szymon"]
[Result "1-0"]
[WhiteTitle "II+"]
[BlackTitle "I"]
[WhiteElo "1661"]
[BlackElo "1494"]

1. e4 c6 2. d4 d5 3. exd5 cxd5 4. Bd3 Nc6 5. c3 Nf6 6. h3 e6 7. Bf4 Bd6 8. Bxd6
Qxd6 9. Nf3 Bd7 10. Nbd2 h6 11. Nb3 O-O 12. O-O Nh5 13. Nc5 Qc7 14. Re1 Nf4 15.
Bb1 Ne7 16. Ne5 Bc6 17. Qd2 Nh5 18. g4 Nf6 19. g5 hxg5 20. Qxg5 b6 21. Nb3 Nh7
22. Bxh7+ Kxh7 23. Kh1 Nf5 24. Rg1 Rh8 25. Ng4 Kg8 26. Nd2 Kh7 27. Nb3 Kg8 28.
Nd2 Bb5 29. Rae1 Kf8 30. Nf3 Bd3 31. Nfe5 Bb5 32. Ne3 f6 33. Ng6+ Kg8 34. Qg4
Nxe3 35. Qxe6+ Qf7 36. Qxf7+ Kxf7 37. Nxh8+ Rxh8 38. Rxe3 Bd7 39. Kh2 g5 40. Rge1
Kg6 41. Rg3 Kf7 42. Rge3 Kg6 43. b3 b5 44. Kg2 Bf5 45. Rg3 Be4+ 46. f3 Bf5 47.
f4 Be4+ 48. Kh2 Rf8 49. h4 Rh8 50. fxg5 Rxh4+ 51. Rh3 Rg4 52. Rg1 Rxg1 53. Kxg1
fxg5 54. Rh8 a5 55. Ra8 b4 56. cxb4 axb4 57. Rb8 g4 58. Rxb4 g3 59. a4 Kf5 60.
a5 Kf4 61. a6 g2 62. a7 Kf3 63. a8=Q Ke2 64. Qc6 Ke3 65. Ra4 1-0

[Event "XXV OOM - Mistrzostwa Polski Juniorow Mlodszych - Chlopcy do lat 12"]
[Site "Sielpia"]
[Date "1899-12-30"]
[Round "2.9"]
[White "Bochenek, Ryszard"]
[Black "Grot, Blazej"]
[Result "1-0"]
[WhiteTitle "II"]
[BlackTitle "CM"]
[WhiteElo "1433"]
[BlackElo "1604"]

1. d4 e6 2. c4 Nf6 3. Nf3 b6 4. Nc3 Bb4 5. e3 Bb7 6. Bd3 Bxc3+ 7. bxc3 Ne4 8. Qc2
f5 9. O-O d6 10. Nd2 Nf6 11. e4 fxe4 12. Nxe4 Nbd7 13. Re1 e5 14. Bg5 Qe7 15.
Nxf6+ gxf6 16. Bh4 O-O-O 17. Be4 Qg7 18. Bxb7+ Kxb7 19. a4 a5 20. Qe4+ Ka7 21.
Qc6 Rc8 22. c5 dxc5 23. dxc5 Nxc5 24. Bxf6 Qg6 25. Rxe5 Rhf8 26. Rxc5 bxc5 27.
Qxc5+ Ka8 28. Qxa5+ Kb8 29. Qb5+ Ka8 30. Rb1 Qxb1+ 31. Qxb1 Rxf6 32. Qe4+ Kb8
33. a5 Rd6 34. g3 h6 35. c4 Ka7 36. Qe3+ Kb7 37. Qc5 Rcd8 38. Qb5+ Ka7 39. c5
Ra6 40. c6 Rb8 41. Qd5 Rb1+ 42. Kg2 Rc1 43. Qd4+ Ka8 44. Qd8+ Ka7 45. Qxc7+ Ka8
46. Qb7# 1-0

[Event "XXV OOM - Mistrzostwa Polski Juniorow Mlodszych - Chlopcy do lat 12"]
[Site "Sielpia"]
[Date "1899-12-30"]
[Round "2.10"]
[White "Kutowski, Marcel"]
[Black "Kolendo, Kajetan"]
[Result "1-0"]
[WhiteTitle "I"]
[BlackTitle "II"]
[WhiteElo "1604"]
[BlackElo "1197"]

1. e4 e6 2. d4 d5 3. e5 c5 4. c3 Nc6 5. Nf3 Qb6 6. a3 c4 7. Nbd2 f6 8. exf6 Nxf6
9. b3 cxb3 10. Qxb3 Qc7 11. Bd3 Bd6 12. O-O O-O 13. h3 e5 14. Ne4 Be6 15. Nfg5
dxe4 16. Nxe6 Qf7 17. Bc4 Na5 18. Qb5 Nxc4 19. Qxc4 Rfe8 20. d5 Rac8 21. Qb3 Rb8
22. a4 b6 23. Be3 Nxd5 24. Ng5 Qb7 25. Rfd1 1-0

[Event "XXV OOM - Mistrzostwa Polski Juniorow Mlodszych - Chlopcy do lat 12"]
[Site "Sielpia"]
[Date "1899-12-30"]
[Round "2.11"]
[White "Meers, Hubert"]
[Black "Wiszniewski, Szymon"]
[Result "1-0"]
[WhiteTitle "I++"]
[BlackTitle "II+"]
[WhiteElo "2022"]
[BlackElo "1445"]

1. Nf3 d5 2. g3 Nc6 3. d4 Nf6 4. Bg2 h6 5. b3 Bf5 6. a3 e6 7. Bb2 Bd6 8. Nbd2 b5
9. O-O O-O 10. c4 bxc4 11. bxc4 Rb8 12. Qc1 Na5 13. c5 Be7 14. Bc3 Nb3 15. Nxb3
Rxb3 16. Bb4 Ne4 17. Ne5 Qe8 18. Qd1 Qa4 19. Nd3 a5 20. Bxa5 Qxa5 21. Qxb3 Nd2
22. Qb4 Qxb4 23. Nxb4 Nxf1 24. Kxf1 Bf6 25. e3 Rc8 26. Ke2 c6 27. a4 e5 28. Rd1
exd4 29. exd4 Bd7 30. Kd3 Rb8 31. Kc3 Ra8 32. Kb3 Bd8 33. Ka3 Ba5 34. Nd3 f6 35.
Nf4 g5 36. Nxd5 Kg7 37. Nb6 Bxb6 38. cxb6 Ra6 39. Rb1 Ra8 40. Rd1 Ra6 41. Rb1
c5 1-0

[Event "XXV OOM - Mistrzostwa Polski Juniorow Mlodszych - Chlopcy do lat 12"]
[Site "Sielpia"]
[Date "1899-12-30"]
[Round "2.12"]
[White "Kozera, Dawid"]
[Black "Dziewonski, Dariusz"]
[Result "0-1"]
[WhiteTitle "II"]
[BlackTitle "I"]
[WhiteElo "1280"]
[BlackElo "1817"]

1. e4 c5 2. Nf3 a6 3. d4 cxd4 4. Nxd4 Nf6 5. Bd3 Nc6 6. Be3 e5 7. Nf3 d5 8. exd5
Qxd5 9. O-O e4 10. Nc3 Qf5 11. Nh4 Qe5 12. Re1 Be7 13. f4 Qh5 14. Bxe4 Qxh4 15.
Bxc6+ bxc6 16. Bb6 Be6 17. f5 Bxf5 18. Qf3 Nd7 19. Qxc6 O-O 20. Nd5 Bf6 21. Rf1
Nxb6 22. Qxb6 Bd4+ 0-1

[Event "XXV OOM - Mistrzostwa Polski Juniorow Mlodszych - Chlopcy do lat 12"]
[Site "Sielpia"]
[Date "1899-12-30"]
[Round "2.13"]
[White "Paszkowski, Krystian"]
[Black "Malek, Jan"]
[Result "0-1"]
[WhiteTitle "I"]
[BlackTitle "II"]
[WhiteElo "1727"]
[BlackElo "1502"]

1. d4 d5 2. Nf3 Bf5 3. c4 e6 4. e3 Nf6 5. a3 c6 6. Bd3 Ne4 7. O-O Nd7 8. b3 Bd6
9. Bb2 g5 10. Ne5 g4 11. f3 gxf3 12. Qxf3 Bxe5 13. dxe5 Rg8 14. Bxe4 dxe4 15.
Qf2 Nc5 16. Nc3 Nd3 17. Qe2 Bh3 18. g3 Bxf1 19. Rxf1 Qh4 20. Qg2 Qg5 21. Nxe4
Qxe3+ 22. Kh1 O-O-O 23. Nd6+ Kc7 24. Rxf7+ Rd7 25. Rxd7+ Kxd7 26. Qf1 Qe1 27.
Qxe1 Nxe1 28. Ne4 Rf8 29. Nf6+ Ke7 30. Bc3 Ng2 31. Kxg2 Rf7 32. Kf3 b6 33. Ke3
a5 34. c5 bxc5 35. g4 Rg7 36. h3 h6 37. Ne4 h5 38. gxh5 Rg1 39. Nxc5 Rg5 40. Kf4
Rxh5 41. Nb7 a4 42. bxa4 Rxh3 43. a5 Rxc3 44. Nd6 Rxa3 45. Nb7 Ra4+ 46. Ke3 Rc4
47. a6 Ra4 48. Nc5 Ra1 49. Kd4 Rc1 50. Nb3 Rc2 51. Nc5 Kf7 52. Nd7 Ra2 53. Nb8
Ra5 54. Ke4 Ra4+ 55. Kd3 c5 56. Kc3 Kg6 57. Kb3 Rb4+ 58. Kc3 Rxb8 59. Kc4 Ra8
60. Kb5 Rxa6 61. Kxa6 c4 62. Kb6 0-1

[Event "XXV OOM - Mistrzostwa Polski Juniorow Mlodszych - Chlopcy do lat 12"]
[Site "Sielpia"]
[Date "1899-12-30"]
[Round "2.14"]
[White "Pancewicz, Szymon"]
[Black "Jaskiewicz, Kacper"]
[Result "1-0"]
[WhiteTitle "I"]
[BlackTitle "II"]
[WhiteElo "1605"]
[BlackElo "1372"]

1. e4 e6 2. d4 d5 3. Nd2 dxe4 4. Nxe4 Nf6 5. Nxf6+ Qxf6 6. Nf3 h6 7. Bd3 Bd6 8.
O-O O-O 9. b3 Re8 10. Bb2 Nd7 11. Re1 c6 12. c4 b6 13. Qe2 Nf8 14. Be4 Bb7 15.
d5 e5 16. dxc6 Ba6 17. Bd5 Ng6 18. g3 Rac8 19. Nd2 Bb4 20. Ne4 Qd8 21. Red1 Qc7
22. a3 Bf8 23. Qh5 Nh8 24. Qg4 Kh7 25. Rd3 Rcd8 26. Rf3 Bc8 27. Qh5 f6 28. Nc3
Be6 29. Bxe6 g6 30. Qh3 f5 31. Bd5 a6 32. Re3 e4 33. Ne2 Bc5 34. Bd4 Bd6 35. Bxh8
Rxh8 36. Nd4 Qe7 37. Ne6 Rc8 38. b4 Rhe8 39. Rd1 Qf6 40. b5 Rxe6 41. Bxe6 Qxe6
42. Qf1 a5 43. Re2 Bc5 44. Rd7+ Kg8 45. Qa1 Bf8 46. Red2 e3 47. Re2 exf2+ 48.
Kxf2 Qxc4 49. Qf6 Bc5+ 50. Kf1 Qc1+ 51. Kg2 Qg1+ 52. Kh3 Qf1+ 53. Rg2 Qxg2+ 54.
Kxg2 Bf8 55. Qf7+ Kh8 56. Qh7# 1-0

[Event "XXV OOM - Mistrzostwa Polski Juniorow Mlodszych - Chlopcy do lat 12"]
[Site "Sielpia"]
[Date "1899-12-30"]
[Round "2.15"]
[White "Wiatrowski, Zbigniew"]
[Black "Miler, Franciszek"]
[Result "1-0"]
[WhiteTitle "I"]
[BlackTitle "II"]
[WhiteElo "1597"]
[BlackElo "1431"]

1. e4 c5 2. Nf3 d6 3. Bb5+ Bd7 4. Bxd7+ Qxd7 5. O-O Nf6 6. e5 dxe5 7. Nxe5 Qc7
8. d4 e6 9. Bf4 Bd6 10. Na3 Nd5 11. Nb5 Qb6 12. Nc4 Qc6 13. Nbxd6+ Ke7 14. Bg3
b5 15. Ne5 Qb6 16. Ndxf7 Rf8 17. dxc5 Qxc5 18. Ng5 h6 19. Ng6+ Ke8 20. Nxe6 Qc6
21. Ngxf8 Nd7 22. Qxd5 Qxd5 23. Nc7+ Kxf8 24. Nxd5 Rc8 25. c3 a5 26. Rae1 b4 27.
Bd6+ Kf7 28. Re7+ Kg8 29. Rxd7 Rxc3 30. bxc3 b3 31. Be5 bxa2 32. Rxg7+ Kf8 33.
Rd1 a4 34. Nc7 a1=Q 35. Rxa1 a3 36. Rd1 a2 37. Rd8# 1-0

[Event "XXV OOM - Mistrzostwa Polski Juniorow Mlodszych - Chlopcy do lat 12"]
[Site "Sielpia"]
[Date "1899-12-30"]
[Round "2.16"]
[White "Jaworski, Tymon"]
[Black "Janeczko, Jakub"]
[Result "1/2-1/2"]
[WhiteTitle "II+"]
[BlackTitle "I"]
[WhiteElo "1498"]
[BlackElo "1544"]

1. d4 c5 2. Nf3 cxd4 3. Nxd4 e6 4. e4 Bc5 5. Nb3 Bb6 6. Nc3 Nc6 7. Bf4 e5 8. Bg3
h5 9. h4 Nf6 10. Be2 d6 11. Bf3 Be6 12. Qd2 a6 13. Rd1 Bxb3 14. axb3 Nd4 15. Ne2
Nxf3+ 16. gxf3 Bc7 17. Qg5 Qe7 18. Nc3 Ba5 19. O-O Bxc3 20. bxc3 Qe6 21. Rfe1
O-O-O 22. f4 Ng4 23. f3 f6 24. f5 fxg5 25. fxe6 gxh4 26. Bxh4 g5 27. Bxg5 Rdg8
28. fxg4 Rxg5 29. Rxd6 Rxg4+ 30. Kh1 Rh4+ 31. Kg2 Rg8+ 32. Kf3 Rh3+ 33. Ke2 Rxc3
34. Kd2 Rc6 35. Rxc6+ bxc6 36. Rh1 Rg5 37. Kd3 Kc7 38. Rh4 Kd6 39. Kc4 Rg4 40.
Rxh5 Rxe4+ 41. Kd3 Rd4+ 42. Ke3 Kxe6 43. Rh6+ Kd5 44. c4+ Kc5 45. Re6 1/2-1/2

[Event "XXV OOM - Mistrzostwa Polski Juniorow Mlodszych - Chlopcy do lat 12"]
[Site "Sielpia"]
[Date "1899-12-30"]
[Round "2.17"]
[White "Madej, Marek"]
[Black "Ptaszynski, Szymon"]
[Result "1-0"]
[WhiteTitle "I"]
[BlackTitle "II"]
[WhiteElo "1847"]
[BlackElo "1444"]

1. e4 c5 2. Nf3 e6 3. d4 cxd4 4. Nxd4 a6 5. c4 Nf6 6. Nc3 Qc7 7. a3 b6 8. Be2 Bb7
9. f3 d6 10. Be3 Nbd7 11. O-O Be7 12. Rc1 Rc8 13. Qd2 O-O 14. b4 Qb8 15. Nb3 Rfd8
16. Rfd1 Qa8 17. Bf1 Bf8 18. Na4 Qa7 19. Qf2 Bc6 20. Nxb6 Rb8 21. Nxd7 Qxd7 22.
Bb6 Re8 23. e5 Nh5 24. exd6 Qc8 25. Be3 Rd8 26. c5 Ba4 27. Rd3 Bc6 28. Na5 Nf6
29. Bg5 h6 30. Bxf6 gxf6 31. Nxc6 Qxc6 32. Qh4 Kg7 33. f4 Bxd6 34. Rg3+ Kh7 35.
Qxf6 Rg8 36. Bd3+ 1-0

[Event "XXV OOM - Mistrzostwa Polski Juniorow Mlodszych - Chlopcy do lat 12"]
[Site "Sielpia"]
[Date "1899-12-30"]
[Round "2.18"]
[White "Karwacki, Piotr"]
[Black "Jarocki, Gabriel"]
[Result "1-0"]
[WhiteTitle "I"]
[BlackTitle "II"]
[WhiteElo "1813"]
[BlackElo "1434"]

1. e4 c6 2. d4 d5 3. Nc3 dxe4 4. Nxe4 Nf6 5. Nxf6+ gxf6 6. Qd3 Na6 7. c3 Nc7 8.
Be2 Qd5 9. Bf3 Bf5 10. Qe3 Qd7 11. Ne2 Nd5 12. Qd2 e6 13. Ng3 Bg6 14. Qe2 O-O-O
15. Bd2 Kb8 16. O-O Bd6 17. b4 Rhe8 18. Ne4 Bxe4 19. Qxe4 Qc7 20. h3 Rg8 21. c4
f5 22. Qb1 Nb6 23. Qc1 Ka8 24. Kh1 Bh2 25. Be3 e5 26. Kxh2 f4 27. c5 fxe3 28.
cxb6 Qe7 29. Qc5 Qh4 30. Qa5 a6 31. Bxc6 Rxg2+ 32. Bxg2 e4 33. Qe5 e2 34. Rg1
Qxf2 35. Qxe4 Rb8 36. Qd3 Qf4+ 37. Kh1 Re8 38. Qxa6+ Kb8 39. Qxb7# 1-0

[Event "XXV OOM - Mistrzostwa Polski Juniorow Mlodszych - Chlopcy do lat 12"]
[Site "Sielpia"]
[Date "1899-12-30"]
[Round "2.19"]
[White "Zieba, Hubert"]
[Black "Rylski, Tadeusz"]
[Result "1/2-1/2"]
[WhiteTitle "I"]
[BlackTitle "II+"]
[WhiteElo "1419"]
[BlackElo "1650"]

1. c4 e5 2. g3 Nf6 3. Bg2 c6 4. d3 d5 5. cxd5 cxd5 6. Nf3 Nc6 7. O-O Be7 8. Nc3
d4 9. Ne4 Nxe4 10. dxe4 O-O 11. e3 Bg4 12. exd4 Nxd4 13. Be3 Bc5 14. Bxd4 Bxd4
15. Qb3 Be6 16. Qb4 Rc8 17. Nxd4 Qxd4 18. Qxd4 exd4 19. Rfd1 Rfd8 20. Rd2 f6 21.
b3 Rc7 22. Rad1 Rcd7 23. Rc1 Kf7 24. f3 g5 25. Kf2 f5 26. f4 gxf4 27. gxf4 Rg8
28. Rcd1 Rgd8 29. e5 Ke7 30. Bf3 Bf7 31. Kg3 h6 32. Kf2 a6 33. Bg2 Bh5 34. Bf3
Bf7 1/2-1/2

[Event "XXV OOM - Mistrzostwa Polski Juniorow Mlodszych - Chlopcy do lat 12"]
[Site "Sielpia"]
[Date "1899-12-30"]
[Round "2.20"]
[White "Klim, Filip"]
[Black "Krol, Jan"]
[Result "1/2-1/2"]
[WhiteTitle "I"]
[BlackTitle "II+"]
[WhiteElo "1543"]
[BlackElo "1405"]

1. e4 c5 2. Nf3 e6 3. d4 cxd4 4. Nxd4 a6 5. c4 Nf6 6. Nc3 Qc7 7. Be2 b6 8. O-O
Bb7 9. Qd3 d6 10. Be3 Nbd7 11. Nc2 Be7 12. f4 Rc8 13. Rad1 h5 14. Rf3 Ng4 15.
h3 Nxe3 16. Nxe3 Nc5 17. Qc2 Bf6 18. b4 Nd7 19. Bd3 g5 20. f5 Ne5 21. Rf2 Rf8
22. fxe6 fxe6 23. Rdf1 Qg7 24. Be2 Ke7 25. Ncd5+ Bxd5 26. exd5 Qg6 27. Qxg6 Nxg6
28. dxe6 Bd4 29. Rf3 Ne5 30. Rxf8 Bxe3+ 31. R8f2 Rf8 32. g3 Kxe6 33. Kg2 Rxf2+
34. Rxf2 Bxf2 35. Kxf2 h4 36. gxh4 gxh4 37. Ke3 Nc6 38. b5 axb5 39. cxb5 Na5 40.
Kf4 Nb7 41. Kg4 Nc5 42. Kxh4 Kf5 43. Kg3 d5 44. Kf3 d4 45. Bc4 Kg5 46. h4+ Kxh4
47. Kf4 d3 48. Ke3 Kg4 49. Bxd3 Kg5 50. Kd4 Kf6 51. Bc2 Ke6 52. a4 Nb7 53. Bd1
Kd6 54. Bb3 Nc5 55. Bc2 Nb7 56. Kc4 Na5+ 57. Kd4 Nb7 58. Bb3 Nc5 1/2-1/2

[Event "XXV OOM - Mistrzostwa Polski Juniorow Mlodszych - Chlopcy do lat 12"]
[Site "Sielpia"]
[Date "1899-12-30"]
[Round "2.21"]
[White "Iwaszkiewicz, Grzegorz"]
[Black "Zalega, Maciej"]
[Result "0-1"]
[WhiteTitle "II"]
[BlackTitle "II+"]
[WhiteElo "1403"]
[BlackElo "1538"]

1. d4 Nf6 2. Bf4 g6 3. Nc3 Bg7 4. e3 d6 5. h3 O-O 6. Nf3 Nbd7 7. Na4 b6 8. c4 c5
9. d5 b5 10. Nc3 b4 11. Ne2 Nh5 12. Qc2 Qa5 13. Nd2 b3 14. Qxb3 Rb8 15. Qd1 Rxb2
16. Rb1 Nxf4 17. exf4 Rxa2 18. g4 Nb6 19. Rb5 Qa4 20. Qxa4 Rxa4 21. Ng3 Ba6 22.
Rb1 Nxc4 23. Bxc4 Bxc4 24. Nxc4 Rxc4 25. f5 Rb4 26. O-O Rfb8 27. Rbe1 Be5 28.
Ne4 gxf5 29. gxf5 a5 30. Kh1 h6 31. f4 Bf6 32. Rg1+ Kh7 33. Nxf6+ exf6 34. Re7
R8b7 35. Re8 Rb1 36. Ra8 Rxg1+ 37. Kxg1 Rb5 38. Ra6 a4 39. Rxa4 Rb1+ 40. Kf2 Rd1
41. Ke3 Rxd5 42. Ra1 c4 43. Rc1 Rd3+ 44. Ke4 d5# 0-1

[Event "XXV OOM - Mistrzostwa Polski Juniorow Mlodszych - Chlopcy do lat 12"]
[Site "Sielpia"]
[Date "1899-12-30"]
[Round "2.22"]
[White "Krasniewski, Maciej"]
[Black "Skrzypinski, Jan"]
[Result "0-1"]
[WhiteTitle "I"]
[BlackTitle "II+"]
[WhiteElo "1537"]
[BlackElo "1365"]

1. e4 d6 2. d4 g6 3. Nc3 Bg7 4. f4 Nf6 5. Nf3 Bg4 6. Be2 Bxf3 7. Bxf3 c6 8. O-O
O-O 9. Be3 Nbd7 10. e5 Ne8 11. Bg4 e6 12. Qe2 d5 13. Bd2 Qb6 14. Qe3 a5 15. Kh1
Qc7 16. a4 h5 17. Bh3 Qb6 18. Rfb1 c5 19. Nb5 Nc7 20. dxc5 Nxc5 21. b4 axb4 22.
Rxb4 Nxb5 23. Rxb5 Qxb5 24. axb5 Rxa1+ 25. Be1 Ne4 26. g3 Rc8 27. Kg2 Rxc2+ 28.
Kf3 Rxh2 29. Bg2 Bf8 30. Qg1 Ra3+ 31. Ke2 Rxg2+ 32. Qxg2 Ra2+ 33. Kf1 Rxg2 34.
Kxg2 d4 35. Kf3 Nc3 36. Bd2 Nxb5 37. Ke4 Be7 38. Be1 f5+ 39. Kd3 Na3 40. Bf2 Nb5
41. Kc4 Nc7 42. Kxd4 b5 43. Be1 Nd5 44. Kd3 h4 45. gxh4 Nxf4+ 46. Ke3 Ng2+ 0-1

[Event "XXV OOM - Mistrzostwa Polski Juniorow Mlodszych - Chlopcy do lat 12"]
[Site "Sielpia"]
[Date "1899-12-30"]
[Round "2.23"]
[White "Baszczynski, Gabriel"]
[Black "Sniadecki, Oskar"]
[Result "0-1"]
[WhiteTitle "II+"]
[BlackTitle "II"]
[WhiteElo "1501"]
[BlackElo "1345"]

1. d4 d5 2. Nf3 Nf6 3. e3 c6 4. Bd3 Bg4 5. Nbd2 Nbd7 6. b3 e5 7. dxe5 Nxe5 8. Be2
Nxf3+ 9. Bxf3 Bxf3 10. Qxf3 Bb4 11. O-O Bc3 12. Rb1 Qa5 13. Qe2 Qxa2 14. Qd3 Bxd2
15. Bxd2 Qa3 16. Qd4 Qe7 17. Bb4 Qe4 18. Qc3 Qg4 19. f3 Qd7 20. Rfd1 b6 21. Qe1
c5 22. Bc3 Qc6 23. Qg3 O-O 24. Bxf6 Qxf6 25. Rxd5 Rfd8 26. Rbd1 Rxd5 27. Rxd5
Rd8 28. e4 Rxd5 29. exd5 h6 30. c4 Qd4+ 31. Qf2 Qd1+ 32. Qf1 Qxb3 33. Qe2 Qc3
34. Qe8+ Kh7 35. Qe7 Qd4+ 0-1

[Event "XXV OOM - Mistrzostwa Polski Juniorow Mlodszych - Chlopcy do lat 12"]
[Site "Sielpia"]
[Date "1899-12-30"]
[Round "2.24"]
[White "Rog, Bartlomiej"]
[Black "Wydmanski, Szymon"]
[Result "1-0"]
[WhiteTitle "I"]
[BlackTitle "II"]
[WhiteElo "1491"]
[BlackElo "1319"]

1. e4 c5 2. c4 Nc6 3. Nc3 g6 4. g3 Bg7 5. Bg2 Nf6 6. Nge2 O-O 7. O-O Ne8 8. d3
Nc7 9. Be3 Ne6 10. Qd2 Ned4 11. f4 d6 12. h3 f5 13. Rab1 a5 14. Rfc1 fxe4 15.
dxe4 Bxh3 16. Nb5 Bxg2 17. Kxg2 e5 18. Rh1 exf4 19. Nxf4 Qd7 20. Rbf1 g5 21. Nd5
Qg4 22. Qd3 Ne2 23. Bxg5 Be5 24. Nf6+ Rxf6 25. Bxf6 Bxg3 26. Qd5+ Kf8 27. Bg7+
Kxg7 28. Qf7+ Kh8 29. Rxh7# 1-0